[Event "23rd European Women Club Cup 2018"]
[Site "Halkidiki"]
[Date "2018.10.18"]
[Round "8"]
[White "Bodnaruk, Anastasia"]
[Black "Ushenina, Anna"]
[Result "0-1"]
[WhiteElo "2423"]
[BlackElo "2451"]
[Annotator "TA"]
[PlyCount "108"]
[EventDate "2018.10.12"]
[EventType "team-tourn"]
[EventCountry "GRE"]
[SourceTitle "playchess.com"]
[Source "ChessBase"]
[SourceQuality "1"]
[WhiteTeam "SSHOR"]
[BlackTeam "Ugra"]

{[%evp 23,108,17,24,24,31,27,28,18,18,18,18,11,23,0,21,11,37,30,47,36,47,38,35,37,44,27,21,0,0,0,8,14,70,82,104,88,89,-100,56,61,67,72,65,57,85,70,95,16,47,6,72,72,59,0,23,0,20,-13,20,5,12,35,64,0,0,0,0,-39,-28,-32,-27,-123,-134,-192,-162,-183,-188,-825,-821,-12838,-12838,-12844,-12844,-29992,-29992,-29997,-29998]} 1. e4 c6 2. d4 d5 3. e5 c5 4. dxc5 Nc6 5. Bb5 e6 6. Be3 Bd7 7. Bxc6 Bxc6 8. Nf3 {B12: Caro-Kann: Advance Variation} Ne7 9. c3 Nf5 10. Bd4 Nxd4 11. Qxd4 Qc7 12. b4 b6 {LiveBook: 14 Games} 13. cxb6 $1 axb6 14. O-O Be7 15. a3 O-O 16. Qe3 Bb5 {[#]} 17. Re1 $146 Rfc8 18. Ra2 Bd7 19. Nd4 h6 20. f4 Ra4 21. Rf2 Re8 22. Qd3 Bh4 23. g3 Bd8 24. Rfe2 Ra8 25. f5 exf5 26. Nxf5 Bxf5 27. Qxf5 Re6 (27... Qc6 $11) 28. Qf3 $36 {[%mdl 2048] White is on the roll.} Qc6 29. Rd1 Bc7 30. Qxd5 $2 (30. Rxd5 $16 {and life is bright.} f6 31. Kg2) 30... Qxd5 $2 (30... Rd8 $17 31. Qxd8+ Bxd8 32. Rxd8+ Kh7) 31. Rxd5 f6 {[%cal Re6e5]} 32. c4 Bxe5 33. Kf2 Rc6 34. Rc2 Kf7 35. Kf3 ({White should play} 35. Rd7+ $16 Kg6 36. Rd3) 35... Ke6 36. Rd1 f5 (36... g5 $11) 37. Re1 Kf6 38. Rd1 (38. Kf2 $14) 38... g5 39. Rd5 g4+ 40. Ke2 f4 41. gxf4 Bxf4 42. Kd3 {[#] Hoping for Rf2.} Re8 43. Rf2 ({Better is} 43. Nc3 $14) 43... Re3+ $11 44. Kd4 Rf3 45. Re2 Re6 46. Rxe6+ Kxe6 {[%mdl 4096] Endgame KRB-KRN} 47. Rd8 (47. Ke4 $1 $11 {remains equal.}) 47... Bxh2 48. Nd2 (48. Re8+ $17 Kf7 49. Re2) 48... Rf4+ 49. Kd3 g3 50. Rg8 $2 (50. Ke3) 50... Kf7 $19 51. Rh8 g2 52. Rxh6 g1=Q {[#] ( -> ...Qd4+)} 53. c5 Rd4+ 54. Kc3 Qe3+ {Precision: White = 35%, Black = 32%.} 0-1

[Event "23rd European Women Club Cup 2018"]
[Site "Halkidiki"]
[Date "2018.10.18"]
[Round "8"]
[White "Kovanova, Baira"]
[Black "Semenova, Elena"]
[Result "1-0"]
[WhiteElo "2350"]
[BlackElo "2263"]
[Annotator "TA"]
[PlyCount "69"]
[EventDate "2018.10.12"]
[EventType "team-tourn"]
[EventCountry "GRE"]
[SourceTitle "playchess.com"]
[Source "ChessBase"]
[SourceQuality "1"]
[WhiteTeam "Ugra"]
[BlackTeam "SSHOR"]

{[%evp 15,68,-41,-33,-69,-45,-67,-50,-54,-10,-11,-7,-14,0,0,0,-18,-9,-31,-24,-25,-10,-15,0,-13,-13,-6,-7,-25,4,-16,-23,-64,-83,-35,-24,-141,-75,-143,-43,-48,-47,-52,-25,-20,0,0,0,0,198,198,231,229,241,190,29999]} 1. Nf3 d5 2. g3 Nd7 3. Bg2 e5 4. d3 Ngf6 5. O-O Bd6 6. Nbd2 O-O 7. e4 c6 8. Qe2 Re8 {LiveBook: 17 Partien. B10: Caro-Kann-Verteidigung} (8... Qc7 9. a4 Re8 10. b3 dxe4 11. dxe4 a5 12. Nc4 Bf8 13. Bb2 b5 14. axb5 cxb5 15. Ne3 a4 16. bxa4 bxa4 {0-1 (62) Kryakvin,D (2548)-Riazantsev,A (2684) Rostov on Don 2014}) 9. c3 a5 10. Nh4 Nf8 $146 {Schwarz steht etwas besser.} ({Vorgänger:} 10... a4 11. Nf5 Bf8 12. g4 g6 13. Ng3 dxe4 14. dxe4 Nc5 15. g5 Nfd7 16. Qg4 Nd3 {½-½ (89) Iyti,B (2303)-Nuri,M (2285) Istanbul 2017}) 11. h3 Ng6 12. Nxg6 hxg6 13. Nf3 dxe4 14. dxe4 Bc5 15. Ng5 Qe7 16. Be3 (16. Rd1 {looks sharper.} Nh7 17. Nf3 Nf8 18. b3 f6 19. Ne1) 16... Bxe3 17. Qxe3 Nh7 18. Nf3 {[%cal Bg5f3,Bf3d2,Bd2c4][%mdl 32]} Nf8 19. Rfd1 f6 20. Nd2 Be6 21. Bf1 Red8 22. Nc4 b5 23. Nb6 Rxd1 24. Rxd1 Rd8 25. Rc1 (25. Rxd8 $11 {bleibt in der Remisbreite.} Qxd8 26. Qc5) 25... Qc7 (25... Qb7 $142 {Weiss muss nun ...Tb8 beachten.} 26. c4 Rd4) 26. c4 (26. b4 $142) 26... b4 (26... Rd4 $17 27. c5 a4) 27. b3 Rd4 28. c5 Qd8 29. Nc4 Bxc4 30. Bxc4+ Kh7 31. Qf3 Rd2 $2 {[#]} (31... Nd7 $11) 32. Qg4 $18 {[%cal Rg4h4]} f5 33. exf5 Qf6 34. fxg6+ Nxg6 $2 {[#]} (34... Kh6 $18 35. Rf1 Rd4) 35. Qh5# {Precision: Weiß = 34%, Schwarz = 33%.} 1-0

[Event "23rd European Women Club Cup 2018"]
[Site "Halkidiki"]
[Date "2018.10.18"]
[Round "8"]
[White "Belenkaya, Dina"]
[Black "Girya, Olga"]
[Result "1/2-1/2"]
[WhiteElo "2329"]
[BlackElo "2479"]
[Annotator "TA"]
[PlyCount "128"]
[EventDate "2018.10.12"]
[EventType "team-tourn"]
[EventCountry "GRE"]
[SourceTitle "playchess.com"]
[Source "ChessBase"]
[SourceQuality "1"]
[WhiteTeam "SSHOR"]
[BlackTeam "Ugra"]

{[%evp 25,128,14,15,21,20,-28,0,-3,-10,-8,-6,-60,0,5,34,33,25,0,15,0,0,-8,-18,-18,-12,-21,45,-41,78,23,89,77,112,104,110,104,121,68,99,71,122,106,191,177,679,212,300,279,322,296,554,547,897,600,571,590,654,644,647,610,670,651,592,522,654,633,866,845,1215,1177,1134,1132,1731,1578,1644,1043,1026,700,634,0,811,805,2872,3298,4132,3681,3722,3023,1407,1026,5853,0,0,-7,-7,-8,-8,-8,-8,-8,-8,-8,-8,-8,-8]} 1. e4 c6 2. d4 d5 3. Nc3 dxe4 4. Nxe4 Bf5 5. Ng3 Bg6 6. h4 h6 7. Nf3 Nd7 8. h5 Bh7 9. Bd3 Bxd3 10. Qxd3 e6 11. Bd2 Ngf6 12. O-O-O Bd6 13. Ne4 Bc7 {LiveBook: 20 Games} 14. Nxf6+ {B19: Classical Caro-Kann: 4...Bf5 main line} Nxf6 {[#]} 15. Rhe1 $146 ({Predecessor:} 15. Qb3 b5 16. Ne5 Qd5 17. Bb4 a5 18. Bc5 Bxe5 19. dxe5 Qxc5 20. exf6 Qg5+ 21. Kb1 Qxf6 {1-0 (46) Saric,I (2652)-Riazantsev,A (2671) Tallinn 2016}) 15... O-O 16. g4 Nxg4 17. Rg1 f5 $1 ({But not} 17... Nxf2 $2 {[#]} 18. Qe3 $1 $18 {[%mdl 512]}) 18. Qb3 (18. Kb1 $11) 18... Rf7 (18... Qd5 $15) 19. Qxe6 $11 Qd5 20. Qxd5 cxd5 21. Rde1 Kh7 22. Rg2 Nf6 23. Ne5 Bxe5 24. Rxe5 Nxh5 25. Rxd5 Re8 (25... g5 $11) 26. Kd1 (26. Rh2 $1 $14 g6 27. Kd1) 26... Re6 (26... g5 $15 {stays ahead.}) 27. c4 (27. Rh2 $16 Kg6 28. f3) 27... g6 (27... g5 $11) 28. Rd8 $36 {[%mdl 2048] White has strong initiative.} Nf6 29. f3 g5 30. d5 Ree7 31. b4 ({Better is} 31. Bc3 $16 Kg7 32. Kc2) 31... Kg6 32. c5 Re5 (32... a5 $142) 33. d6 $16 Rd5 (33... a5 $16) 34. Kc2 $18 b6 $2 {[#]} (34... a5) 35. Rc8 $2 (35. c6 Rd4 36. Kc3) 35... bxc5 (35... a5 $142) 36. bxc5 Nd7 37. Bb4 Ne5 $2 (37... a5) 38. c6 Nc4 39. d7 Ne3+ 40. Kb3 Nxg2 41. d8=Q Rxd8 42. Rxd8 {[%mdl 4096] Endgame KRB-KRN} Rc7 43. Rd6+ Kh5 44. Ba5 Rc8 45. c7 g4 46. fxg4+ fxg4 47. Rd8 Rxc7 48. Bxc7 Ne3 49. Rd3 Nf5 50. Rd5 Kg5 51. Bd8+ Kg6 52. Bc7 $2 ({White should play} 52. Ra5 $18) 52... h5 $2 {[%mdl 8192]} (52... Kg5 $11 53. Kc4 h5) 53. Kc3 h4 54. Kd3 g3 55. Ke2 h3 56. Kf3 h2 57. Rd1 g2 58. Kxg2 $2 (58. Bxh2 $18 Kf6 59. Rd5) 58... Ne3+ $11 {The position is equal.} 59. Kxh2 Nxd1 {KB-KN} 60. a4 Kf5 61. a5 a6 62. Kg2 Ke4 63. Kf1 Nb2 64. Ke2 Kd5 {Precision: White = 52%, Black = 35%.} 1/2-1/2